Diccionario de la lengua española 9 : quiscudo-tamborete

Guardat en:
Dades bibliogràfiques
Autor corporatiu: Real Academia Española
Format: Llibre
Idioma:Undetermined
Publicat: Colombia Real Academia Española 2001
Edició:22
Matèries:
Etiquetes: Afegir etiqueta
Sense etiquetes, Sigues el primer a etiquetar aquest registre!

MARC

LEADER 00000nam a2200000Ia 4500
008 170316s9999 xx 000 0 und d
020 |a 958-42-0496-3 
040 |a cru BVZT 
090 |a R-413 R-1d T.9 ESP 
110 |a Real Academia Española 
245 |a Diccionario de la lengua española 9 : quiscudo-tamborete 
250 |a 22 
260 |a Colombia 
260 |b Real Academia Española 
260 |c 2001 
300 |a 1279 a 1446 páginas 
650 0 |a REFERENCIA  |9 27 
650 0 |a DICCIONARIO  |9 28 
650 0 |a ESPAÑOL  |9 48 
650 |a DESDE QUISCUDO A TAMBORETE 
942 |c REF  |2 z 
999 |c 15073  |d 15073